Short Words in Shakespeare Titles Quiz Stats

 Plays Quiz Updated Sep 23, 2014

Challenge
Share
Tweet
Embed
Score 0/36 Timer 05:00
10 Plays Today
Number of Words % Correct
3-Letter WordsTHE
95.6%
3-Letter WordsAND
93.2%
4-Letter WordsKING
83.5%
5-Letter WordsDREAM
75.3%
5-Letter WordsNIGHT
72.6%
4-Letter WordsLEAR
72.5%
5-Letter WordsROMEO
72.1%
5-Letter WordsHENRY
69.6%
3-Letter WordsADO
61.8%
3-Letter WordsTWO
61.1%
4-Letter WordsMUCH
60.1%
5-Letter WordsSHREW
60%
5-Letter WordsABOUT
56.7%
4-Letter WordsTHAT
56.1%
3-Letter WordsFOR
55.3%
3-Letter WordsYOU
55.2%
4-Letter WordsWELL
54.3%
4-Letter WordsENDS
53.3%
Number of Words % Correct
4-Letter WordsALL'S
53.2%
5-Letter WordsFIFTH
51.4%
4-Letter WordsLIKE
51.3%
5-Letter WordsWIVES
50.7%
4-Letter WordsJOHN
50.4%
5-Letter WordsMERRY
48.5%
4-Letter WordsLOST
46.7%
5-Letter WordsTHIRD
46.6%
4-Letter WordsTALE
45.7%
5-Letter WordsLOVE'S
45.4%
5-Letter WordsTITUS
39.7%
5-Letter WordsSIXTH
33.5%
5-Letter WordsTIMON
31.1%
3-Letter WordsONE
30%
5-Letter WordsTHREE
26.7%
4-Letter WordsPART
23.5%
5-Letter WordsNOBLE
16.4%
4-Letter WordsTYRE
14%

You're not logged in!

Compare scores with friends on all Sporcle quizzes.
Join for Free
OR
Log In

You Might Also Like...

Show Comments

Extras

Top Quizzes Today


Score Distribution

Your Account Isn't Verified!

In order to create a playlist on Sporcle, you need to verify the email address you used during registration. Go to your Sporcle Settings to finish the process.

Report this User

Report this user for behavior that violates our Community Guidelines.

Details: